Handbook of aqueous electrolyte solutions: physical properties, estimation and correlation methods
Salvato in:
| Autore principale: | |
|---|---|
| Natura: | Libro |
| Lingua: | inglese |
| Pubblicazione: |
Nueva York
John Wiley
1985
|
| Serie: | Ellis Horwood Series in Physical Chemistry
|
| Soggetti: | |
| Tags: |
Aggiungi Tag
Nessun Tag, puoi essere il primo ad aggiungerne!!
|
MARC
| LEADER | 00000nam a2200000 a 4500 | ||
|---|---|---|---|
| 001 | UCT9862 | ||
| 003 | CL-VaPUC | ||
| 008 | 970412e19850000US |||||||||||||||||eng|d | ||
| 082 | 0 | 4 | |a 541 |b HOR |2 21 |
| 100 | |a Horvath, Ari L |e author |9 601180 | ||
| 245 | 1 | 0 | |a Handbook of aqueous electrolyte solutions: physical properties, estimation and correlation methods |
| 300 | |a 631 p | ||
| 942 | |c BK | ||
| 945 | |d 19970412 00:00:00 |a amoreno | ||
| 260 | |a Nueva York |b John Wiley |c 1985 | ||
| 650 | 7 | |a SOLUCIONES ACUOSAS EN ELECTROLITOS |2 CL-VaPUC |9 382929 | |
| 650 | 0 | |a Velocidad y sonido |9 382930 | |
| 650 | 0 | |a Viscosidad |9 260583 | |
| 650 | 0 | |a Electroquímica |9 263973 | |
| 583 | |a last modification |c 19970412 00:00:00 |k Rodrigo Vera | ||
| 490 | 0 | |a Ellis Horwood Series in Physical Chemistry | |
| 999 | |c 258215 |d 258213 | ||
| 952 | |0 0 |1 0 |4 0 |6 541_000000000000000_HOR_1985 |7 0 |8 A |9 282131 |a BIBING |b BIBING |d 2019-11-19 |i 3300218 |o 541 HOR 1985 |p 3300218 |r 2025-01-20 |w 2019-11-19 |y BK |k EIQ | ||